000
00309nam a22001337a 4500
020
_a
9780471184768
040
_c
Nust
082
_a
540.21
_b
BRA
100
_a
james-e-brady
_9
127581
245
_a
chemistry
260
_a
New York:
_b
John Wiley and sons Inc,
_c
2000.
650
_a
chemistry
942
_2
ddc
_c
BK
999
_c
612663
_d
612663